Triple Crown Horse Winners - Statistics

General Stats
  • This quiz has been taken 13 times
  • The average score is 7 of 13
Answer Stats
Year Horse % Correct
1973 Secretariat
91%
1978 Affirmed
64%
2015 American Pharoah
64%
1977 Seattle Slew
64%
1948 Citation
55%
1937 War Admiral
55%
1946 Assault
45%
1930 Gallant Fox
45%
2018 Justify
45%
1935 Omaha
45%
1919 Sir Barton
45%
1941 Whirlaway
45%
1943 Count Fleet
36%
No matching quizzes found
Score Distribution
Percent of People with Each Score
Percentile by Number Answered
Your Score History
You have not taken this quiz